000 00446cam a22001694a 4500
020 _a007029416X
020 _a0071122524 (ISE)
040 _cDLC
082 0 0 _a577 MCG 2002 A028 Or.
100 1 _aMolles, Manuel C.,
245 1 0 _aEcology :
_bconcepts and applications /
250 _a2nd ed.
260 _aBoston :
_bMcGraw-Hill,
_cc2002.
300 _axviii, 586 :
_bill. (some col.), col. maps ;
_c28 cm.
650 0 _aEcology.
942 _cEK
999 _c12848
_d12848